| 000 | 00980nam a22002657a 4500 | ||
|---|---|---|---|
| 005 | 20240530110437.0 | ||
| 008 | 150216s2011 ua o g 000 0 ara d | ||
| 017 |
_a2010/10324 _bمصر . دار الكتب المصرية |
||
| 020 | _a9771442406 | ||
| 040 | _aEG-CaGPL | ||
| 041 | 0 | _aara | |
| 082 | 0 | 1 |
_221 _a923.2 _bق/ع ر |
| 100 | 0 | _aعبدالرءوف الريدى | |
| 245 | 1 | 0 |
_aرحلة العمر : _bمصر و امريكا : معارك الحرب و السلام / _cعبدالرءوف الريدى |
| 250 | _aط1 | ||
| 260 |
_aالقاهرة : _bنهضة مصر للطباعة والنشر و التوزيع ، _c2011 |
||
| 300 |
_a565 ص : _bصور ؛ _c24 سم |
||
| 600 | 0 |
_aعبدالرءوف الريدى _xصور |
|
| 600 | 0 | _aبطرس غالى | |
| 600 | 0 | _aجورج بوش الاب | |
| 600 | 0 |
_aعبدالرءوف الريدى _xتراجم |
|
| 650 | 0 | 4 | _aمعاهدة مدريد |
| 942 |
_2ddc _cBK |
||
| 999 |
_c60966 _d60966 |
||